Interim management
Interim manažment - transparentná a efektívna forma profesionálnej služby. Vývoj interim manažmentu z pohľadu jeho potreby, dopytu po ňom a ponuky. Schopnosti interim manažéra. Transparentnosť a tímovosť interim manažmentu. Dôvody, prečo využiť interim manažment.
Na minha lista:
| Autor principal: | |
|---|---|
| Formato: | Capítulo de Livro |
| Idioma: | tcheco |
| Assuntos: | |
| Tags: |
Sem tags, seja o primeiro a adicionar uma tag!
|
MARC
| LEADER | 00000naa$a2200000$$$4500 | ||
|---|---|---|---|
| 001 | 0115995 | ||
| 005 | 20240426103359.6 | ||
| 041 | 0 | |a cze | |
| 044 | |a CZ | ||
| 245 | 1 | 0 | |a Interim management |c Luděk Pfeifer |
| 520 | |a Interim manažment - transparentná a efektívna forma profesionálnej služby. Vývoj interim manažmentu z pohľadu jeho potreby, dopytu po ňom a ponuky. Schopnosti interim manažéra. Transparentnosť a tímovosť interim manažmentu. Dôvody, prečo využiť interim manažment. | ||
| 610 | 2 | 0 | |a manažment |
| 610 | 2 | 0 | |a interim manažment |
| 610 | 2 | 0 | |a manažéri |
| 610 | 2 | 0 | |a firmy |
| 610 | 2 | 0 | |a kríza |
| 610 | 2 | 0 | |a služby |
| 610 | 2 | 0 | |a efektívnosť |
| 610 | 2 | 0 | |a metódy riadenia |
| 100 | 1 | |a Pfeifer, Luděk | |